| 000 | 00528nam a2200181Ia 4500 | ||
|---|---|---|---|
| 008 | 240729s9999 xx 000 0 und d | ||
| 022 | _a1478-7954 | ||
| 245 | 0 | _aPopulation Health Metrics | |
| 260 | _aUnited Kingdom | ||
| 260 | _bBMC | ||
| 650 | _a Computer applications to medicine. Medical informatics | Medicine | ||
| 650 | _a Medicine (General) | ||
| 650 | _a Public aspects of medicine | ||
| 650 | _aMedicine | ||
| 856 | _uhttps://doaj.org/toc/5f546f73265b40a39373795ba66e78ab | ||
| 942 | _2ddc | ||
| 942 | _cDOAJEJ | ||
| 999 |
_c74004 _d74004 |
||
| 945 |
_a1 _bMadushi Gamage _c1 _dMadushi Gamage |
||